Teachers in Action

محفوظ في:
التفاصيل البيبلوغرافية
التنسيق: كتاب
الوسوم: إضافة وسم
لا توجد وسوم, كن أول من يضع وسما على هذه التسجيلة!
Thư viện lưu trữ: Mạng thư viện Đại học Đà Nẵng
LEADER 00407nam a22001691a 4500
001 000038264
003 14559
005 20160412021249.0
008 160412s0 000
082 |a 4A(07)1972-81 
245 |a Teachers in Action  |c Peter James 
OWN |a LNN 
999 |a From the UDN01 
TYP |a Monograph 
980 |a Mạng thư viện Đại học Đà Nẵng